| 000 | 01086nas a2200361 4500 | ||
|---|---|---|---|
| 001 | BR2012007614 | ||
| 003 | BR-BrBNA | ||
| 005 | 20231205121301.0 | ||
| 007 | ta | ||
| 008 | 230509b bl.|||p| |||| 00| 00por d | ||
| 040 |
_aBR-BrBNA _bpor _cBiblioteca Nacional de Agricultura |
||
| 041 | _a(Pt) | ||
| 072 | _aL73 | ||
| 100 | 1 | _aMüller, G. | |
| 100 | 1 | _aHamann, A. | |
| 100 | 1 | _aCaron, L.F. | |
| 100 | 1 | _aCìrio, S.M. | |
| 100 | 1 | _aAlmeida, M.I.M. | |
| 100 | 1 | _aLange, R.R. | |
| 100 | 1 | _aRobes, R. | |
| 100 | 1 | _aWouk, A.F.P.F. | |
| 245 | 1 | _aComparação de dois tratamentos tópicos na cicatrização de úlceras corneanas produzidas e infectadas experimentalmente por Pseudomonas aeruginosa em coelhos | |
| 650 | _aCOELHO | ||
| 650 | _aOLHO | ||
| 650 | _aCICATRIZAÇÃO | ||
| 650 | _aBACTÉRIA | ||
| 650 | _aPSEUDOMONAS AERUGINOSA | ||
| 650 | _aINFECÇÃO | ||
| 650 | _aMEDICAMENTO | ||
| 773 | 0 |
_tRevista CFMV (Brazil) _xISSN 1517-6959 _g(Sep-Dez 2009), v. 15(48) p. 52-59 _wBR2012007614 |
|
| 909 |
_a202311 _bLúcia _c55 _dLúcia Elande |
||
| 942 |
_2AGRIS _n0 _cANA |
||
| 999 |
_c222737 _d222737 |
||